| 000 | 00602cam a22001811 4500 | ||
|---|---|---|---|
| 082 |
_a621.3 _bDAW |
||
| 100 | 1 |
_aDawes, Chester L. (Chester Laurens), _941128 |
|
| 245 | 0 | 2 |
_aA course in electrical engineering. _cBy Chester L. Dawes. |
| 250 | _a1st ed. | ||
| 260 |
_aNew York, _bMcGraw-Hill Book Company, inc., _c1920- |
||
| 300 |
_av.p736. _billus., diagrs. _c21 cm. |
||
| 490 | 0 | _aElectrical engineering texts | |
| 505 | 1 | _aI. Direct currents--II. Alternating currents. | |
| 526 |
_a0 _b0 _c0 _d621_300000000000000_DAW |
||
| 650 | 0 | _aElectrical engineering. | |
| 650 | 0 |
_aMCE _9379 |
|
| 942 |
_2ddc _cBK |
||
| 999 |
_c545315 _d545315 |
||